[Event "World Cup 2023 Open"]
[Site "Baku, Azerbaijan"]
[Date "2023.08.04"]
[Round "13.17"]
[White "Bluebaum Matthias (GER)"]
[Black "Paravyan David (FID)"]
[Result "1-0"]
[WhiteFideId "24651516"]
[BlackFideId "4194985"]
[WhiteElo "2672"]
[BlackElo "2612"]

1. d4 {[%clk 00:25:19]} Nf6 {[%clk 00:25:18]} {[%emt 00:00:02]} 2. Nf3 {[%clk
00:25:27]} {[%emt 00:00:02]} g6 {[%clk 00:25:27]} {[%emt 00:00:01]} 3. Nc3
{[%clk 00:25:36]} {[%emt 00:00:02]} d5 {[%clk 00:25:35]} {[%emt 00:00:01]} 4.
Bf4 {[%clk 00:25:44]} {[%emt 00:00:02]} Bg7 {[%clk 00:25:44]} {[%emt 00:00:01]}
5. e3 {[%clk 00:25:53]} {[%emt 00:00:02]} O-O {[%clk 00:25:51]} {[%emt
00:00:03]} 6. Be2 {[%clk 00:26:02]} {[%emt 00:00:01]} c5 {[%clk 00:25:56]}
{[%emt 00:00:05]} 7. O-O {[%clk 00:26:10]} {[%emt 00:00:02]} cxd4 {[%clk
00:25:59]} {[%emt 00:00:07]} 8. exd4 {[%clk 00:26:18]} {[%emt 00:00:02]} Nc6
{[%clk 00:26:08]} {[%emt 00:00:01]} 9. Ne5 {[%clk 00:26:26]} {[%emt 00:00:02]}
Bf5 {[%clk 00:26:16]} {[%emt 00:00:01]} 10. Re1 {[%clk 00:26:34]} {[%emt
00:00:02]} Ne4 {[%clk 00:26:07]} {[%emt 00:00:19]} 11. Nxe4 {[%clk 00:26:34]}
{[%emt 00:00:10]} Bxe4 {[%clk 00:26:00]} {[%emt 00:00:16]} 12. c3 {[%clk
00:26:12]} {[%emt 00:00:33]} Nxe5 {[%clk 00:26:03]} {[%emt 00:00:08]} 13. dxe5
{[%clk 00:26:20]} {[%emt 00:00:02]} Qb6 {[%clk 00:25:05]} {[%emt 00:01:08]} 14.
Qd2 {[%clk 00:26:17]} {[%emt 00:00:13]} Rfd8 {[%clk 00:24:12]} {[%emt
00:01:03]} 15. Bf1 {[%clk 00:25:40]} {[%emt 00:00:47]} Rac8 {[%clk 00:22:58]}
{[%emt 00:01:22]} 16. Rad1 {[%clk 00:25:02]} {[%emt 00:00:50]} Qa5 {[%clk
00:19:58]} {[%emt 00:03:10]} 17. a3 {[%clk 00:24:36]} {[%emt 00:00:36]} Bf5
{[%clk 00:19:37]} {[%emt 00:00:31]} 18. Qe3 {[%clk 00:23:05]} {[%emt 00:01:41]}
h5 {[%clk 00:17:42]} {[%emt 00:02:05]} 19. h3 {[%clk 00:22:22]} {[%emt
00:00:53]} Rd7 {[%clk 00:17:26]} {[%emt 00:00:25]} 20. Be2 {[%clk 00:21:33]}
{[%emt 00:01:00]} e6 {[%clk 00:15:48]} {[%emt 00:01:48]} 21. g4 {[%clk
00:20:26]} {[%emt 00:01:17]} Bc2 {[%clk 00:15:55]} {[%emt 00:00:03]} 22. Rd2
{[%clk 00:20:08]} {[%emt 00:00:28]} d4 {[%clk 00:15:46]} {[%emt 00:00:18]} 23.
cxd4 {[%clk 00:18:49]} {[%emt 00:01:30]} hxg4 {[%clk 00:15:15]} {[%emt
00:00:39]} 24. hxg4 {[%clk 00:18:53]} {[%emt 00:00:06]} Ba4 {[%clk 00:14:54]}
{[%emt 00:00:31]} 25. Bf3 {[%clk 00:17:58]} {[%emt 00:01:05]} Bc6 {[%clk
00:14:19]} {[%emt 00:00:46]} 26. Bxc6 {[%clk 00:17:36]} {[%emt 00:00:33]} Rxc6
{[%clk 00:14:27]} {[%emt 00:00:02]} 27. Bg5 {[%clk 00:17:31]} {[%emt 00:00:15]}
Rc4 {[%clk 00:14:10]} {[%emt 00:00:26]} 28. Red1 {[%clk 00:16:48]} {[%emt
00:00:53]} Qd5 {[%clk 00:12:26]} {[%emt 00:01:53]} 29. Bf6 {[%clk 00:15:55]}
{[%emt 00:01:04]} Rdc7 {[%clk 00:12:27]} {[%emt 00:00:09]} 30. Rd3 {[%clk
00:14:49]} {[%emt 00:01:15]} Qc6 {[%clk 00:09:08]} {[%emt 00:03:27]} 31. Bxg7
{[%clk 00:13:10]} {[%emt 00:01:51]} Kxg7 {[%clk 00:09:17]} {[%emt 00:00:01]} 32.
Qf4 {[%clk 00:13:17]} {[%emt 00:00:04]} Rc1 {[%clk 00:07:03]} {[%emt 00:02:23]}
33. Qf6+ {[%clk 00:13:07]} {[%emt 00:00:20]} Kg8 {[%clk 00:07:05]} {[%emt
00:00:08]} 34. Rxc1 {[%clk 00:12:57]} {[%emt 00:00:20]} Qxc1+ {[%clk 00:07:14]}
{[%emt 00:00:01]} 35. Kg2 {[%clk 00:12:32]} {[%emt 00:00:35]} Qc6+ {[%clk
00:06:22]} {[%emt 00:01:02]} 36. Kh2 {[%clk 00:11:59]} {[%emt 00:00:43]} 1-0

[Event "World Cup 2023 Open"]
[Site "Baku, Azerbaijan"]
[Date "2023.08.04"]
[Round "13.18"]
[White "Donchenko Alexander (GER)"]
[Black "Bartel Mateusz (POL)"]
[Result "1-0"]
[WhiteFideId "24603295"]
[BlackFideId "1112635"]
[WhiteElo "2668"]
[BlackElo "2614"]

1. d4 {[%clk 00:25:19]} d5 {[%clk 00:25:18]} {[%emt 00:00:02]} 2. c4 {[%clk
00:25:26]} {[%emt 00:00:03]} e6 {[%clk 00:25:26]} {[%emt 00:00:02]} 3. Nf3
{[%clk 00:25:30]} {[%emt 00:00:06]} Nf6 {[%clk 00:25:34]} {[%emt 00:00:02]} 4.
Nc3 {[%clk 00:25:34]} {[%emt 00:00:06]} Be7 {[%clk 00:25:42]} {[%emt 00:00:02]}
5. Bf4 {[%clk 00:25:36]} {[%emt 00:00:08]} O-O {[%clk 00:25:49]} {[%emt
00:00:04]} 6. a3 {[%clk 00:25:40]} {[%emt 00:00:06]} dxc4 {[%clk 00:25:54]}
{[%emt 00:00:04]} 7. e3 {[%clk 00:25:32]} {[%emt 00:00:18]} a6 {[%clk
00:26:03]} {[%emt 00:00:02]} 8. Bxc4 {[%clk 00:25:11]} {[%emt 00:00:31]} b5
{[%clk 00:25:54]} {[%emt 00:00:19]} 9. Be2 {[%clk 00:22:31]} {[%emt 00:02:50]}
Bb7 {[%clk 00:24:32]} {[%emt 00:01:32]} 10. Qc2 {[%clk 00:18:31]} {[%emt
00:04:10]} Nbd7 {[%clk 00:23:55]} {[%emt 00:00:46]} 11. b4 {[%clk 00:18:16]}
{[%emt 00:00:25]} a5 {[%clk 00:22:26]} {[%emt 00:01:40]} 12. O-O {[%clk
00:16:33]} {[%emt 00:01:53]} c6 {[%clk 00:21:47]} {[%emt 00:00:48]} 13. Qb3
{[%clk 00:15:44]} {[%emt 00:00:59]} Nd5 {[%clk 00:19:26]} {[%emt 00:02:31]} 14.
Nxd5 {[%clk 00:13:28]} {[%emt 00:02:26]} exd5 {[%clk 00:19:33]} {[%emt
00:00:02]} 15. Bd3 {[%clk 00:13:37]} {[%emt 00:00:02]} Nb6 {[%clk 00:18:56]}
{[%emt 00:00:46]} 16. e4 {[%clk 00:13:19]} {[%emt 00:00:28]} Nc4 {[%clk
00:17:31]} {[%emt 00:01:35]} 17. Rfe1 {[%clk 00:12:41]} {[%emt 00:00:48]} h6
{[%clk 00:16:11]} {[%emt 00:01:30]} 18. Bc2 {[%clk 00:10:20]} {[%emt 00:02:31]}
Bc8 {[%clk 00:14:58]} {[%emt 00:01:23]} 19. Qd3 {[%clk 00:08:14]} {[%emt
00:02:16]} f5 {[%clk 00:15:06]} {[%emt 00:00:02]} 20. exd5 {[%clk 00:08:02]}
{[%emt 00:00:22]} cxd5 {[%clk 00:15:14]} {[%emt 00:00:02]} 21. Ne5 {[%clk
00:07:58]} {[%emt 00:00:15]} Ra6 {[%clk 00:13:54]} {[%emt 00:01:30]} 22. a4
{[%clk 00:06:49]} {[%emt 00:01:19]} Bxb4 {[%clk 00:11:40]} {[%emt 00:02:24]} 23.
axb5 {[%clk 00:06:53]} {[%emt 00:00:06]} Nxe5 {[%emt 00:01:04]} 24. Rxe5 {[%clk
00:05:55]} {[%emt 00:00:06]} Re6 {[%clk 00:11:48]} {[%emt 00:00:09]} 25. Bb3
{[%clk 00:05:37]} {[%emt 00:00:28]} Rxe5 {[%clk 00:11:55]} {[%emt 00:00:03]} 26.
Bxe5 {[%clk 00:05:11]} {[%emt 00:00:36]} Rf7 {[%clk 00:11:15]} {[%emt
00:00:50]} 27. Rc1 {[%clk 00:04:48]} {[%emt 00:00:34]} Bb7 {[%clk 00:11:21]}
{[%emt 00:00:03]} 28. Qg3 {[%clk 00:03:26]} {[%emt 00:01:32]} Kh7 {[%clk
00:11:24]} {[%emt 00:00:07]} 29. h4 {[%clk 00:03:22]} {[%emt 00:00:14]} Qb6
{[%clk 00:10:43]} {[%emt 00:00:51]} 30. Qd3 {[%clk 00:02:24]} {[%emt 00:01:08]}
Qg6 {[%clk 00:08:53]} {[%emt 00:01:58]} 31. Qf3 {[%clk 00:01:53]} {[%emt
00:00:42]} Qb6 {[%clk 00:08:52]} {[%emt 00:00:11]} 32. Qd3 {[%clk 00:01:26]}
{[%emt 00:00:37]} Qg6 {[%clk 00:08:59]} {[%emt 00:00:03]} 33. Qf3 {[%clk
00:01:17]} {[%emt 00:00:20]} Qe6 {[%clk 00:06:55]} {[%emt 00:02:14]} 34. h5
{[%clk 00:01:17]} {[%emt 00:00:10]} Kg8 {[%clk 00:06:34]} {[%emt 00:00:30]} 35.
Qg3 {[%clk 00:01:07]} {[%emt 00:00:20]} Kh7 {[%clk 00:06:41]} {[%emt 00:00:03]}
36. Rc2 {[%clk 00:00:53]} {[%emt 00:00:24]} Re7 {[%clk 00:06:12]} {[%emt
00:00:39]} 37. Rc1 {[%clk 00:00:53]} {[%emt 00:00:11]} Qf7 {[%clk 00:06:20]}
{[%emt 00:00:02]} 38. Qf3 {[%clk 00:00:53]} {[%emt 00:00:10]} Kg8 {[%clk
00:06:24]} {[%emt 00:00:07]} 39. b6 {[%clk 00:00:55]} {[%emt 00:00:09]} Qe6
{[%clk 00:05:49]} {[%emt 00:00:44]} 40. Rc7 {[%clk 00:00:40]} {[%emt 00:00:25]}
a4 {[%clk 00:05:58]} {[%emt 00:00:02]} 41. Bxa4 {[%clk 00:00:19]} {[%emt
00:00:31]} Qxb6 {[%clk 00:06:01]} {[%emt 00:00:06]} 42. Rxe7 {[%clk 00:00:24]}
{[%emt 00:00:05]} Bxe7 {[%clk 00:06:09]} {[%emt 00:00:02]} 43. Qxf5 {[%clk
00:00:31]} {[%emt 00:00:04]} Bf6 {[%clk 00:05:06]} {[%emt 00:01:13]} 44. Bd7
{[%clk 00:00:21]} {[%emt 00:00:19]} Kf8 {[%clk 00:05:10]} {[%emt 00:00:06]} 45.
Qg6 {[%clk 00:00:17]} {[%emt 00:00:14]} Qd8 {[%clk 00:05:08]} {[%emt 00:00:12]}
46. Be6 {[%clk 00:00:15]} {[%emt 00:00:13]} Qe8 {[%clk 00:05:03]} {[%emt
00:00:15]} 47. Bd6+ {[%clk 00:00:20]} {[%emt 00:00:05]} Be7 {[%clk 00:05:12]}
48. Qf5+ {[%clk 00:00:29]} {[%emt 00:00:02]} 1-0

[Event "World Cup 2023 Open"]
[Site "Baku, Azerbaijan"]
[Date "2023.08.04"]
[Round "13.19"]
[White "Korobov Anton (UKR)"]
[Black "Iturrizaga Bonelli Eduardo (ESP)"]
[Result "1/2-1/2"]
[WhiteFideId "14105730"]
[BlackFideId "3901211"]
[WhiteElo "2667"]
[BlackElo "2617"]

1. d4 {[%clk 00:25:17]} {[%emt 00:00:02]} Nf6 {[%clk 00:22:00]} {[%emt
00:03:16]} 2. c4 {[%clk 00:25:25]} {[%emt 00:00:07]} c6 {[%clk 00:22:09]}
{[%emt 00:00:02]} 3. Nf3 {[%clk 00:25:32]} {[%emt 00:00:02]} d5 {[%clk
00:22:18]} {[%emt 00:00:02]} 4. Nc3 {[%clk 00:25:41]} {[%emt 00:00:01]} dxc4
{[%clk 00:22:27]} {[%emt 00:00:02]} 5. a4 {[%clk 00:25:47]} {[%emt 00:00:03]}
Bf5 {[%clk 00:22:35]} {[%emt 00:00:01]} 6. e3 {[%clk 00:25:56]} {[%emt
00:00:01]} e6 {[%clk 00:22:36]} {[%emt 00:00:09]} 7. Bxc4 {[%clk 00:26:03]}
{[%emt 00:00:03]} Bb4 {[%clk 00:22:45]} {[%emt 00:00:02]} 8. O-O {[%clk
00:26:10]} {[%emt 00:00:03]} O-O {[%clk 00:22:52]} {[%emt 00:00:03]} 9. Qe2
{[%clk 00:26:18]} {[%emt 00:00:02]} Bg6 {[%clk 00:22:55]} {[%emt 00:00:07]} 10.
Ne5 {[%clk 00:25:57]} {[%emt 00:00:30]} Nbd7 {[%clk 00:23:00]} {[%emt
00:00:05]} 11. Nxg6 {[%clk 00:26:00]} {[%emt 00:00:07]} hxg6 {[%clk 00:23:08]}
{[%emt 00:00:02]} 12. Rd1 {[%clk 00:25:58]} {[%emt 00:00:12]} Qa5 {[%clk
00:23:16]} {[%emt 00:00:03]} 13. Na2 {[%clk 00:23:41]} {[%emt 00:02:27]} Qxa4
{[%clk 00:23:15]} {[%emt 00:00:12]} 14. b3 {[%clk 00:23:37]} {[%emt 00:00:13]}
Qa5 {[%clk 00:23:20]} {[%emt 00:00:05]} 15. e4 {[%clk 00:22:31]} {[%emt
00:01:17]} Be7 {[%clk 00:18:33]} {[%emt 00:04:57]} 16. Bb2 {[%clk 00:20:16]}
{[%emt 00:02:25]} b5 {[%clk 00:15:45]} {[%emt 00:02:57]} 17. Bd3 {[%clk
00:20:12]} {[%emt 00:00:14]} Qb6 {[%clk 00:15:53]} {[%emt 00:00:02]} 18. Nc3
{[%clk 00:17:43]} {[%emt 00:02:39]} e5 {[%clk 00:14:33]} {[%emt 00:01:30]} 19.
dxe5 {[%clk 00:16:35]} {[%emt 00:01:18]} Nxe5 {[%clk 00:14:31]} {[%emt
00:00:12]} 20. Nd5 cxd5 {[%clk 00:12:05]} 21. Bxe5 {[%clk 00:16:43]} {[%emt
00:00:02]} Nxe4 {[%clk 00:11:55]} {[%emt 00:00:20]} 22. Bxb5 {[%clk 00:16:19]}
{[%emt 00:00:33]} Bc5 {[%clk 00:10:52]} {[%emt 00:01:12]} 23. Rxd5 {[%clk
00:15:10]} {[%emt 00:01:19]} Nxf2 {[%clk 00:07:11]} {[%emt 00:03:51]} 24. Ra6
{[%clk 00:14:31]} {[%emt 00:00:49]} Nd3+ {[%clk 00:07:15]} {[%emt 00:00:06]} 25.
Kf1 {[%clk 00:13:48]} {[%emt 00:00:53]} Qxb5 {[%clk 00:07:23]} {[%emt
00:00:02]} 26. Qxd3 {[%clk 00:13:57]} {[%emt 00:00:01]} Qxd3+ {[%clk 00:07:31]}
{[%emt 00:00:02]} 27. Rxd3 {[%clk 00:14:06]} {[%emt 00:00:01]} Bb6 {[%clk
00:05:57]} {[%emt 00:01:44]} 28. Ra2 {[%clk 00:13:17]} {[%emt 00:00:59]} Rac8
{[%clk 00:04:40]} {[%emt 00:01:27]} 29. Rad2 {[%clk 00:10:44]} {[%emt
00:02:42]} Rc1+ {[%clk 00:04:18]} {[%emt 00:00:32]} 30. Rd1 {[%clk 00:10:52]}
{[%emt 00:00:01]} Rxd1+ {[%clk 00:04:20]} {[%emt 00:00:09]} 31. Rxd1 {[%clk
00:11:01]} Re8 {[%clk 00:04:28]} {[%emt 00:00:01]} 32. Rd5 {[%clk 00:10:59]}
{[%emt 00:00:13]} Rc8 {[%clk 00:03:46]} {[%emt 00:00:51]} 33. Ke2 {[%clk
00:09:44]} {[%emt 00:01:26]} f6 {[%clk 00:03:38]} {[%emt 00:00:18]} 34. Bf4
{[%clk 00:09:43]} {[%emt 00:00:10]} g5 {[%clk 00:03:33]} {[%emt 00:00:16]} 35.
Bd2 {[%clk 00:09:37]} {[%emt 00:00:16]} Kf7 {[%clk 00:03:42]} {[%emt 00:00:02]}
36. Rd7+ {[%clk 00:09:36]} {[%emt 00:00:11]} Kg6 {[%clk 00:03:47]} {[%emt
00:00:05]} 37. h3 {[%clk 00:09:39]} {[%emt 00:00:07]} Rc2 {[%clk 00:03:06]}
{[%emt 00:00:49]} 38. Kf3 {[%clk 00:09:44]} {[%emt 00:00:06]} Rb2 {[%clk
00:03:02]} {[%emt 00:00:14]} 39. Rd3 {[%clk 00:09:52]} {[%emt 00:00:02]} Kf5
{[%clk 00:02:17]} {[%emt 00:00:55]} 40. Be3 {[%clk 00:09:48]} {[%emt 00:00:14]}
Ke5 {[%clk 00:02:07]} {[%emt 00:00:19]} 41. Bd2 {[%clk 00:09:24]} {[%emt
00:00:35]} Bd4 {[%clk 00:02:09]} {[%emt 00:00:08]} 42. Be1 {[%clk 00:06:52]}
{[%emt 00:02:42]} f5 {[%clk 00:02:12]} {[%emt 00:00:06]} 43. Bd2 {[%clk
00:07:00]} {[%emt 00:00:02]} g6 {[%clk 00:00:50]} {[%emt 00:01:32]} 44. Be1
{[%clk 00:04:06]} {[%emt 00:03:04]} g4+ {[%clk 00:00:57]} {[%emt 00:00:03]} 45.
hxg4 {[%clk 00:04:13]} {[%emt 00:00:02]} fxg4+ {[%clk 00:01:06]} {[%emt
00:00:01]} 46. Kxg4 {[%clk 00:04:16]} {[%emt 00:00:07]} Ke4 {[%clk 00:01:02]}
{[%emt 00:00:14]} 47. Rg3 {[%clk 00:04:20]} {[%emt 00:00:05]} Be5 {[%clk
00:00:44]} {[%emt 00:00:30]} 48. Bc3 {[%clk 00:04:18]} {[%emt 00:00:12]} Bxc3
{[%clk 00:00:17]} {[%emt 00:00:37]} 49. Rxc3 {[%clk 00:04:26]} {[%emt
00:00:01]} Rxg2 {[%clk 00:00:26]} {[%emt 00:00:01]} 50. Kh4 {[%clk 00:04:25]}
{[%emt 00:00:12]} Kd5 {[%clk 00:00:15]} {[%emt 00:00:21]} 51. Rc7 {[%clk
00:04:13]} {[%emt 00:00:21]} a5 {[%clk 00:00:18]} {[%emt 00:00:07]} 52. Ra7
{[%clk 00:04:13]} {[%emt 00:00:10]} Ra2 {[%clk 00:00:24]} {[%emt 00:00:04]} 53.
Kg5 {[%clk 00:04:14]} {[%emt 00:00:09]} Kc5 {[%clk 00:00:26]} {[%emt 00:00:08]}
54. Kxg6 {[%clk 00:04:17]} {[%emt 00:00:07]} Kb4 {[%clk 00:00:35]} {[%emt
00:00:02]} 55. Rb7+ {[%clk 00:04:24]} {[%emt 00:00:03]} Kc5 {[%clk 00:00:31]}
{[%emt 00:00:14]} 56. Kf5 {[%clk 00:04:15]} {[%emt 00:00:19]} Rb2 {[%clk
00:00:32]} {[%emt 00:00:09]} 57. Ke4 {[%clk 00:04:13]} {[%emt 00:00:12]} Kc6
{[%clk 00:00:18]} {[%emt 00:00:24]} 58. Rb8 {[%clk 00:04:19]} {[%emt 00:00:04]}
a4 {[%clk 00:00:18]} {[%emt 00:00:11]} 59. Kd3 {[%clk 00:04:23]} {[%emt
00:00:06]} Rxb3+ {[%clk 00:00:15]} {[%emt 00:00:13]} 1/2-1/2

[Event "World Cup 2023 Open"]
[Site "Baku, Azerbaijan"]
[Date "2023.08.04"]
[Round "13.20"]
[White "Henriquez Villagra Cristobal (CHI)"]
[Black "Ivanchuk Vasyl (UKR)"]
[Result "1/2-1/2"]
[WhiteFideId "3409350"]
[BlackFideId "14100010"]
[WhiteElo "2618"]
[BlackElo "2667"]

1. d4 {[%clk 00:25:18]} {[%emt 00:00:02]} Nf6 {[%clk 00:25:19]} {[%emt
00:00:01]} 2. Bg5 {[%clk 00:25:26]} {[%emt 00:00:02]} d5 {[%clk 00:25:24]}
{[%emt 00:00:06]} 3. Nd2 {[%clk 00:25:27]} {[%emt 00:00:09]} e6 {[%clk
00:25:26]} {[%emt 00:00:08]} 4. e3 {[%clk 00:24:56]} {[%emt 00:00:40]} Be7
{[%clk 00:25:17]} {[%emt 00:00:19]} 5. c3 {[%clk 00:24:14]} {[%emt 00:00:52]}
O-O {[%clk 00:25:20]} {[%emt 00:00:06]} 6. Bd3 {[%clk 00:24:21]} {[%emt
00:00:03]} b6 {[%clk 00:25:28]} {[%emt 00:00:03]} 7. Qe2 {[%clk 00:21:35]}
{[%emt 00:02:56]} a5 {[%clk 00:25:09]} {[%emt 00:00:29]} 8. e4 {[%clk
00:19:13]} {[%emt 00:02:32]} Ba6 {[%clk 00:20:51]} {[%emt 00:04:28]} 9. e5
{[%clk 00:18:41]} {[%emt 00:00:42]} Bxd3 {[%clk 00:20:34]} {[%emt 00:00:27]} 10.
Qxd3 {[%clk 00:18:43]} {[%emt 00:00:08]} Nfd7 {[%clk 00:20:42]} {[%emt
00:00:01]} 11. h4 {[%clk 00:18:47]} {[%emt 00:00:06]} c5 {[%clk 00:20:46]}
{[%emt 00:00:06]} 12. Ngf3 {[%clk 00:17:36]} {[%emt 00:01:21]} Nc6 {[%clk
00:20:55]} {[%emt 00:00:02]} 13. a3 {[%clk 00:12:08]} {[%emt 00:05:38]} h6
{[%clk 00:20:50]} {[%emt 00:00:15]} 14. Be3 {[%clk 00:11:33]} {[%emt 00:00:45]}
Qc8 {[%clk 00:20:46]} {[%emt 00:00:15]} 15. Nf1 {[%clk 00:10:42]} {[%emt
00:01:00]} Qa6 {[%clk 00:20:16]} {[%emt 00:00:40]} 16. Qd2 {[%clk 00:10:51]}
{[%emt 00:00:01]} f6 {[%clk 00:17:47]} {[%emt 00:02:39]} 17. exf6 {[%clk
00:07:34]} {[%emt 00:03:28]} Nxf6 {[%clk 00:16:59]} {[%emt 00:00:57]} 18. Qe2
{[%clk 00:07:42]} {[%emt 00:00:02]} Qxe2+ {[%clk 00:15:31]} {[%emt 00:01:38]}
19. Kxe2 {[%clk 00:07:51]} {[%emt 00:00:01]} Bd6 {[%clk 00:15:09]} {[%emt
00:00:31]} 20. N1d2 {[%clk 00:07:46]} {[%emt 00:00:16]} Rae8 {[%clk 00:15:12]}
{[%emt 00:00:07]} 21. c4 {[%clk 00:06:31]} {[%emt 00:01:25]} Ng4 {[%clk
00:13:10]} {[%emt 00:02:12]} 22. Rac1 {[%clk 00:06:35]} {[%emt 00:00:06]} cxd4
{[%clk 00:11:39]} {[%emt 00:01:41]} 23. Nxd4 {[%clk 00:06:39]} {[%emt
00:00:06]} Nxe3 {[%clk 00:11:47]} {[%emt 00:00:01]} 24. fxe3 {[%clk 00:06:19]}
{[%emt 00:00:31]} Nxd4+ {[%clk 00:11:56]} {[%emt 00:00:01]} 25. exd4 {[%clk
00:06:27]} {[%emt 00:00:02]} Bf4 {[%clk 00:12:06]} 26. Rhf1 {[%clk 00:04:58]}
{[%emt 00:01:39]} Bxd2 {[%clk 00:10:47]} {[%emt 00:01:29]} 27. Kxd2 {[%clk
00:05:06]} {[%emt 00:00:02]} Rxf1 {[%clk 00:10:49]} {[%emt 00:00:08]} 28. Rxf1
{[%clk 00:05:15]} {[%emt 00:00:01]} dxc4 {[%clk 00:10:58]} 29. Re1 {[%clk
00:04:56]} {[%emt 00:00:29]} Kf7 {[%clk 00:10:41]} {[%emt 00:00:27]} 30. Re5
{[%clk 00:04:37]} {[%emt 00:00:29]} Rc8 {[%clk 00:10:19]} {[%emt 00:00:31]} 31.
Kc3 {[%clk 00:04:37]} {[%emt 00:00:12]} Rc6 {[%clk 00:10:10]} {[%emt 00:00:18]}
32. a4 {[%clk 00:04:22]} {[%emt 00:00:25]} Kf6 {[%clk 00:10:14]} {[%emt
00:00:06]} 33. g4 {[%clk 00:03:27]} {[%emt 00:01:05]} Kf7 {[%clk 00:10:23]}
{[%emt 00:00:01]} 34. Re4 {[%clk 00:03:18]} {[%emt 00:00:19]} Kf6 {[%clk
00:10:25]} {[%emt 00:00:08]} 35. Re5 {[%clk 00:03:28]} Kf7 {[%emt 00:00:01]}
1/2-1/2